000 00324nab a22001097u 4500
008 130520b1982 xxu||||| |||| 00| 0 spa d
041 _aspa
100 1 _aMchugh, F.
_967226
245 0 0 _aIglesias y racismo: un informe de Inglaterra
_cF. Mchugh
773 0 _tConcilium
_gV.1,1982,págs.109-117
_x0210-1041
_wRev134
942 _cAR
999 _c354822
_d354822